Náležitosti nákladného listu podľa dohovoru CMR

Nákladný list CMR je základným sprievodným dokumentom tovaru v medzinárodnej cestnej nákladnej doprave a súčasne je dokladom o uzavretí prepravnej zmluvy. Jeho používanie v medzinárodnej preprave, tzn. z jedného štátu do druhého minimálne s prestupom jednej štátnej hranice a bez ohľadu na skutočnosť...

Descrizione completa

Salvato in:
Dettagli Bibliografici
Autore principale: Válek, Juraj, 1981-
Natura: Capitolo di libro
Lingua:slovacco
Soggetti:
Tags: Aggiungi Tag
Nessun Tag, puoi essere il primo ad aggiungerne!!

MARC

LEADER 00000nla a2200000 4500
001 0206942
005 20240502073434.0
041 0 |a slo 
044 |a SK 
245 1 0 |a Náležitosti nákladného listu podľa dohovoru CMR  |c Juraj Válek 
520 |a Nákladný list CMR je základným sprievodným dokumentom tovaru v medzinárodnej cestnej nákladnej doprave a súčasne je dokladom o uzavretí prepravnej zmluvy. Jeho používanie v medzinárodnej preprave, tzn. z jedného štátu do druhého minimálne s prestupom jednej štátnej hranice a bez ohľadu na skutočnosť, či ide o prepravu v rámci alebo mimo Európskej únie. 
610 2 0 |a služby donáškové 
610 2 0 |a zasielatelia 
610 2 0 |a zmluvy prepravné 
610 2 0 |a fakturovanie 
610 2 0 |a podmienky dodacie 
610 2 0 |a preprava 
610 2 0 |a Európska únia 
100 1 |a Válek, Juraj, 1981-